Si Matabagka at ang tagapag-ingat ng hangin / (Record no. 110546)
[ view plain ]
| 000 -LEADER | |
|---|---|
| fixed length control field | 00531nam a2200181 a 4500 |
| 001 - CONTROL NUMBER | |
| control field | 0770 |
| 005 - DATE AND TIME OF LATEST TRANSACTION | |
| control field | 20140414131858.0 |
| 008 - FIXED-LENGTH DATA ELEMENTS--GENERAL INFORMATION | |
| fixed length control field | 040929s19uu xx 00 eng d |
| 020 ## - INTERNATIONAL STANDARD BOOK NUMBER | |
| International Standard Book Number | 971-8509-09-7 |
| 050 ## - LIBRARY OF CONGRESS CALL NUMBER | |
| Classification number | FIL |
| Item number | M41 1995 |
| 100 ## - MAIN ENTRY--PERSONAL NAME | |
| Personal name | Batnag, Aurora |
| 245 ## - TITLE STATEMENT | |
| Title | Si Matabagka at ang tagapag-ingat ng hangin / |
| Statement of responsibility, etc | by Aurora Batnag ; illustrations by Melchor Silvestre. |
| 260 ## - PUBLICATION, DISTRIBUTION, ETC. (IMPRINT) | |
| Place of publication, distribution, etc | Manila : |
| Name of publisher, distributor, etc | Aklat Adarna, |
| Date of publication, distribution, etc | 1995. |
| 300 ## - PHYSICAL DESCRIPTION | |
| Extent | p. : ill. ; cm. |
| 650 ## - SUBJECT ADDED ENTRY--TOPICAL TERM | |
| Topical term or geographic name as entry element | Air |
| General subdivision | Fiction. |
| 650 ## - SUBJECT ADDED ENTRY--TOPICAL TERM | |
| Topical term or geographic name as entry element | Children stories. |
| Withdrawn status | Lost status | Damaged status | Use restrictions | Home library | Current library | Shelving location | Date acquired | Source of acquisition | Total Checkouts | Full call number | Barcode | Date last seen | Price effective from | Koha item type |
|---|---|---|---|---|---|---|---|---|---|---|---|---|---|---|
| Munich Library | Munich Library | Filipiniana Section | 09/29/2004 | FIL M41 1995 | M0980 | 04/14/2014 | 04/14/2014 | Books |